000 00989nam a22003257a 4500
001 0000669
003 KOHA_MİRAKIL
005 20260207001216.0
007 ta
008 081212b2008 tu a|||gr||||#||||0|tur |
020 _a9757477370
_cYTL28,69
040 _aTR-BiSEU
_btur
_cTR-BiSEU
_erda
041 0 _atur
044 _ctu
050 _aQD251.2
_b.H37 2008
100 1 _aHart, Harold.
240 1 0 _aorganic chemistry
_lTürkçe
245 1 _aOrganik kimya =
_borganic chemistry/
_cHarold Hart ; Harold Hart, David J. Hart, Leslie E. Craine; çev. Tahsin Uyar.
264 1 _aAnkara :
_bPalme Yayınları
_c2008
300 _axx, 570 sayfa :
_bresimli
336 _ametin
_btxt
_2rdacontent
337 _aaracısız
_bn
_2rdamedia
338 _acilt
_bnc
_2rdacarrier
490 1 _aPalme Yayınları ;
_v131
500 _aDizin var.
650 0 _aKimya, Organik.
_91514
650 0 _aChemistry, Organic.
_91515
830 1 _aPalme Yayınları ;
_v131
_92328
942 _2lcc
_cBK
999 _c669
_d669